MDQL
is popping MORE tags! Check the
thread
!
Quizzes
Events
Quiz Creation
Community
Videos
Private Events
Remove Ads
Sign In
Join for FREE
Feedback
Dark Mode
Quiz Categories
Sports
Geography
Music
Movies
Television
Just For Fun
Miscellaneous
History
Literature
Language
Science
Gaming
Entertainment
Religion
Holiday
For Kids
Quiz Lab
Recent
Popular Today
Quiz Kudos Today
Editor Picks
Curator Picks
Quizzes by...
Day
Popularity
Type
Ratings
Length
Year
Community
Subscriptions
Recent Discussions
Orange Saloon
Badges
Playlists
Quests
Create
Leaderboards
Showdown
Live 5
Trivia Bingo
Activity
Puzzle Library
Sporcle Events
Private Events
Virtual Trivia
Globe League
Become a Host
Pub Owners
SporcleCon
Opinionation
Our Games
Videos
Blog
Mobile Apps
Partnerships
Remove Ads and Go Orange
Feedback
Miscellaneous
Crossword
General Knowledge
Baby Names
Logo
Food
Cars
Numbers
Grab Bag
University
College
Popular
Company
Slogans
Restaurants
Justice
Letter
Miscellaneous
Crossword
General Knowledge
Baby Names
Logo
Food
Cars
Numbers
Grab Bag
University
College
Popular
Company
Slogans
Restaurants
Justice
Letter
Random Quiz
Search Sporcle
×
Curator Pick
Curator Pick
Miscellaneous
Judaism
Type in answers that appear in a list
Type in answers that appear in a list
Classic
Best Score? Go Orange.
Jewish Deli Foods Stats
Can you name the foods found in a Jewish delicatessen?
By
abjohnuf
8m
30 Questions
996 Plays
996 Plays
996 Plays
Comments
Comments
Give Quiz Kudos
Give Quiz Kudos
-
- Ratings
hide this ad
Replay
Link that replays current quiz
Next Quiz
Link to next quiz in quiz playlist
You Got
0%
They Got
Avg Score
21%
Avg Friend Score
Upgrade to see
Score Distribution
Jump to the score distribution portion of the page
Score
0/30
Timer
08:00
0
Plays Today
Type
Name
% Correct
Bread
Challah
75.8%
Deli Meat
Corned beef
55.5%
Forshpeis (Appetizers)
Latkes
54.7%
Deli Meat
Pastrami
54.7%
Forshpeis (Appetizers)
Knish
47.4%
Forshpeis (Appetizers)
Gefilte Fish
41.8%
Dessert
Blintz
40.4%
Forshpeis (Appetizers)
Kreplach
38.3%
Dessert
Lokshen Kugel
36.1%
Soup
Cabbage Borscht
34.4%
Forshpeis (Appetizers)
Schmaltz
31.5%
Forshpeis (Appetizers)
Tzimmes
22.4%
Forshpeis (Appetizers)
Kishke
21.1%
Main Course
Cholent
20.7%
Dessert
Rugelach
16.6%
Type
Name
% Correct
Forshpeis (Appetizers)
Kasha Vernishkes
13.1%
Soup
Kneidelach
9%
Forshpeis (Appetizers)
Gribenes
6.8%
Main Course
Flanken
6.1%
Soup
Mishmosh
5%
Forshpeis (Appetizers)
P'tcha
4.3%
Main Course
Fricassee
3%
Deli Meat
Karnatzel
1.6%
Deli Meat
Rolled Beef
1.6%
Deli Meat
Speck
1.2%
Deli Meat
Baby Beef
0.9%
Deli Meat
Knoblewurst
0.7%
Soup
Berditchev Soup
0.6%
Bread
Pletzl
0.6%
Main Course
Tongue Polonaise
0.6%
Quiz Playlist
Details
Report
Send in Message
Add To Playlist
Classic:
Type in answers that appear in a list
Quiz Source
Last Updated: Feb 16, 2017
Curator Pick in
Food
Quiz Scoreboard
CHALLENGE
Sign Up to Join the Scoreboard
Show All
Scores
Hide
Comments
May contain spoilers
Recently Published
1-10 Letter E Words III
by El_Dandy
Language
2m
Street Fighter Characters
by Artimus82
Gaming
60s
College Basketball Coaching Resumes
by pancakes188
Sports
9m
More to Explore
Quiz From the Vault
Featured Blog Post
Where Did the Easter Bunny Come From?
hide this ad
You Might Also Like...
Tags
Food Quiz
Judaism Quiz
deli
delicatessen
description
found
Jewish
Today's Top Quizzes in Miscellaneous
Browse Miscellaneous
hide this ad
Today's Top Quizzes in Judaism
Browse Judaism
Top Contributed Quizzes in Miscellaneous
1
5-to-1: Fast Food
2
The JOE quick-fire general knowledge quiz: Day 174
3
The JOE quick-fire general knowledge quiz: Day 173
4
5-to-1: Cocktails
5
The JOE quick-fire general knowledge quiz: Day 172
6
9x9 Crossword: Disney Movie Titles
7
9x9 Crossword: Charlie and the Chocolate Factory
8
Sunday Crossword: Famous Bodies of Water
9
9x9 Crossword: Flags
10
The JOE quick-fire general knowledge quiz: Day 171
Explore More
Trending Topics
Harry Potter
NBA
Kpop
Marvel
Disney
Anime
Crossword
Soccer
Country
WWE
NFL
Song
The Office
Pokémon
Puzzle
hide this ad
More By:
abjohnuf
Quiz
Plays
Rating
Category
Featured
Created
Most Populous Oklahoma Cities
2,761
4.55
Geography
Oct 1, 2009
1-team MLB Players (Hitters)
2,418
4.04
Sports
Nov 2, 2009
Yankee Championship Teams (1951-2009)
1,438
3.43
Sports
Nov 5, 2009
Yankee Championship Teams (1923-1950)
1,364
4.50
Sports
Nov 5, 2009
Teletubbies
1,225
4.00
Television
Oct 1, 2009
Go to Creator's Profile
Score Distribution
Quiz Creator Spotlight
abjohnuf
Follow
Send a Message
Quizzes Created
-
Created Quiz Play Count
-
More By This Creator
Popular Quizzes Today
1
Find the US States - No Outlines Minefield
2
Find the Countries of Europe - No Outlines Minefield
3
The Countries of the World
4
Find the US States
5
Risky Map Clicking: Biggest States A-Z
6
US States
7
Popular People in 1961
8
Movies - When Are They Set?
More Miscellaneous Quizzes
Wikipedia Word Clouds
Published
Trending Quizzes
Risky Map Clicking: Least Populous States A-Z
1-10 Letter G Words
1-10 Letter F Words
Countries of the World: 200 Million BC
Risky Map Clicking: Next State Alphabetically
Recently Updated
Beyoncé Albums
pecheneg
Leaping Animals
pecheneg
Reality TV Shows (A-Z)
bhenderson79
Rickey Henderson's Hall of Fame Teammates
pecheneg
Champions League XIs: Arsenal
pecheneg
Quick Pick: Celebrities in WWE's Hall of Fame
aduchscher
A-Z Keypad Blitz II
pecheneg
Multiple Oscar Actors
pecheneg
Mystery Phrase Blitz: Oscar 'Best Actors'
pecheneg
F. Scott Fitzgerald Novels
LTH
Trending Topics
Marvel
Anime
Kpop
NBA
Harry Potter
Crossword
Disney
Pokémon
NFL
The Office
Country
Soccer
WWE
Song
Puzzle
Your Account Isn't Verified!
In order to create a playlist on Sporcle, you need to verify the email address you used during registration. Go to your
Sporcle Settings
to finish the process.
Report this User
Report this user for behavior that violates our
Community Guidelines
.
Details:
Send Report
Go to the Sporcle.com Mobile Site →
Comments